Veletrhy jsou pro budování image jako stvořené

Miesto veľtrhov pri komunikácii firemného imidžu. Komunikácia firemného imidžu ako cieľ firmy na veľtrhu. Veľtrh ako nástroj komunikácie. Oslovenie širokého spektra verejnosti. Vplyv konkrétneho historického, kultúrneho a spoločenského prostredia na imidž firmy. Dlhodobý proces vytvárania firemného...

Ausführliche Beschreibung

Gespeichert in:
Bibliographische Detailangaben
1. Verfasser: Zumrová, Lucie
Format: Buchkapitel
Sprache:Tschechisch
Schlagworte:
Tags: Tag hinzufügen
Keine Tags, Fügen Sie das erste Tag hinzu!

MARC

LEADER 00000naa$a2200000$$$4500
001 0056309
005 20231018130443.9
041 0 |a cze 
044 |a CZ 
245 1 0 |a Veletrhy jsou pro budování image jako stvořené  |c Lucie Zumrová 
520 |a Miesto veľtrhov pri komunikácii firemného imidžu. Komunikácia firemného imidžu ako cieľ firmy na veľtrhu. Veľtrh ako nástroj komunikácie. Oslovenie širokého spektra verejnosti. Vplyv konkrétneho historického, kultúrneho a spoločenského prostredia na imidž firmy. Dlhodobý proces vytvárania firemného imidžu. 
610 2 0 |a podnik 
610 2 0 |a imidž 
610 2 0 |a identita podniková 
610 2 0 |a komunikácia 
610 2 0 |a zákazníci 
610 2 0 |a veľtrhy 
100 1 |a Zumrová, Lucie